000
00493nam a2200145Ia 4500
008
100204s9999 xx 000 0 und d
082
_b
24679
100
_a
देशपांडे विजय
245
_a
रसांचे उपयोग
260
_b
"मृण्मयी ऋग्वेदी प्रकाशन , ठाणे"
_c
1999
300
_a
96
630
_a
रसांचे उपयोग
730
_a
रसांचे उपयोग
942
_c
BOOK
999
_c
469860
_d
469857